Les correspondances du métro parisien - Statistiques

Statistiques générales
  • Ce quiz a été pris 69 fois
    41 depuis la dernière actualisation
  • Le résultat moyen est 42 sur 64
Statistiques - réponses
Lignes Réponse % Correct
1, 2, 6, 9 Nation
97%
1, 14 Gare de Lyon
93%
1, 4, 7, 11, 14 Châtelet
87%
1, 11 Hôtel de Ville
87%
3, 12, 13, 14, (9) Saint-Lazare
87%
1, 5, 8 Bastille
83%
4, 6, 12, 13 Montparnasse-Bienvenüe
83%
6, 14 Bercy
77%
1, 2, 6 Charles de Gaulle - Etoile
77%
2, 12 Pigalle
77%
1, 8 Reuilly-Diderot
77%
2, 3 Père Lachaise
73%
2, 5, 7 Stalingrad
73%
3, 3bis Gambetta
70%
6, 12 Pasteur
70%
2, 13 Place de Clichy
70%
5, 6, 7 Place d'Italie
70%
3, 5, 8, 9, 11 République
70%
2, 3 Villiers
70%
2, 4 Barbès - Rochechouart
67%
1, 13 Champs-Elysées Clémenceau
67%
1, 8, 12 Concorde
67%
4, 6 Denfert-Rochereau
67%
2, 5, 7bis Jaurès
67%
7, 10 Jussieu
67%
6, 8, 10 La Motte-Piquet Grenelle
67%
4, 10 Odéon
67%
1, 7 Palais Royal - Musée du Louvre
67%
7, 14 Pyramides
67%
3, 11 Arts et Métiers
63%
2, 11 Belleville
63%
6, 8 Daumesnil
63%
1, 9 Franklin D. Roosevelt
63%
5, 10 Gare d'Austerlitz
63%
8, 12, 14 Madeleine
63%
9, 13 Miromesnil
63%
7bis, 11 Place des Fêtes
63%
4, 6 Raspail
63%
3, 4 Réaumur-Sébastopol
63%
7, 9 Chaussée d'Antin - La Fayette
60%
8, 9 Grands Boulevards
60%
3, 9 Havre-Caumartin
60%
8, 13 Invalides
60%
7, 7bis Louis Blanc
60%
4, 12 Marcadet-Poissonniers
60%
9, 10 Boulogne Michel-Ange - Auteuil
60%
9, 10 Gare d'Austerlitz Michel-Ange - Molitor
60%
4, 8, 9 Strasbourg Saint-Denis
60%
6, 9 Trocadéro
60%
8, 9 Bonne Nouvelle
57%
10, 13 Duroc
57%
4, 5, 7 Gare de l'Est
57%
4, 5 Gare du Nord
57%
13, 14 Mairie de Saint-Ouen
57%
7, 14 Maison Blanche
57%
3, 7, 8 Opéra
57%
13, 14 Porte de Clichy
57%
3bis, 11 Porte des Lilas
57%
5, 9 Oberkampf
53%
10, 12 Sèvres - Babylone
53%
8, 9 Richelieu-Drouot
50%
9, (14) Saint-Augustin
43%
10 Boulogne, 10 Gare d'Austerlitz Boulogne Jean Jaurès
37%
10 Boulogne, 10 Gare d'Austerlitz Javel - André Citroën
30%
Aucun quiz correspondant
Distribution des résultats
% des personnes avec chaque résultat
Percentile par nombre de réponses
Votre historique - résultats
Vous n’avez pas pris ce quiz depuis la dernière actualisation